A face that does not bear the footprints of the world / (Record no. 22674)
[ view plain ]
| 000 -LEADER | |
|---|---|
| fixed length control field | 00972nam a22002417a 4500 |
| 008 - FIXED-LENGTH DATA ELEMENTS--GENERAL INFORMATION | |
| fixed length control field | 090130t xxu||||| |||| 00| p eng d |
| 010 ## - LCCN (DPL NO) | |
| LC control number | ENG-92708 |
| 020 ## - INTERNATIONAL STANDARD BOOK NUMBER | |
| Terms of availability | 125.00 |
| International Standard Book Number | 8190428934 |
| 035 ## - SYSTEM CONTROL NUMBER | |
| System control number | EN-76241 |
| 037 ## - SOURCE OF ACQUISITION | |
| Source of stock number/acquisition | DBAD / PUB |
| 040 ## - CATALOGING SOURCE | |
| Original cataloging agency | dpl |
| Language of cataloging | English |
| 082 ## - DEWEY DECIMAL CLASSIFICATION NUMBER | |
| Classification number | 881 |
| 100 ## - MAIN ENTRY--PERSONAL NAME | |
| Personal name | Akella, Usha |
| 245 ## - TITLE STATEMENT | |
| Title | A face that does not bear the footprints of the world / |
| Statement of responsibility, etc | by Usha Akella |
| 260 ## - PUBLICATION, DISTRIBUTION, ETC. (IMPRINT) | |
| Place of publication, distribution, etc | Kerala, |
| Name of publisher, distributor, etc | Monsoon Editions |
| Date of publication, distribution, etc | 2008 |
| 270 ## - ADDRESS | |
| Address | B-6, Jeevan Bhima Nagar, Karaparamba Calicut |
| City | Kerala, |
| Postal code | 673006 |
| 300 ## - PHYSICAL DESCRIPTION | |
| Extent | 80p. |
| Dimensions | 21cm (pbk) |
| 500 ## - GENERAL NOTE | |
| General note | Includes glossary |
| 650 ## - SUBJECT ADDED ENTRY--TOPICAL TERM | |
| Topical term or geographic name as entry element | English poetry. |
| 942 ## - ADDED ENTRY ELEMENTS (KOHA) | |
| Source of classification or shelving scheme | Dewey Decimal Classification |
| Item type | English Books |
| Call number suffix | AKE |
| Classification part | 881 |
| Withdrawn status | Lost status | Source of classification or shelving scheme | Damaged status | Not for loan | Collection code | Home library | Current library | Date acquired | Source of acquisition | Cost, normal purchase price | Total Checkouts | Full call number | Barcode | Date last seen | Copy number | Cost, replacement price | Koha item type | Total Renewals |
|---|---|---|---|---|---|---|---|---|---|---|---|---|---|---|---|---|---|---|
| Dewey Decimal Classification | Not For Loan | Non-fiction | D.B.Act.Division | D.B.Act.Division | 02/02/2009 | DBAB / PUB | 125.00 | 881 AKE | EN-76241 | 30/01/2009 | 1 | 125.00 | English Books | |||||
| Dewey Decimal Classification | Non-fiction | Vinoba Puri | Vinoba Puri | 05/03/2009 | 125.00 | 5 | 881 AKE | B-317766 | 01/04/2011 | 1 | 125.00 | English Books | 3 |
